000 01248nam a2200361 i 4500
005 20220317002054.0
007 ta
008 201204s2019 ck er 000 f spa d
020 _a9789584278142
020 _a9584278142
040 _aCO-BoRNBP
_bspa
_erda
_cCO-BoRNBP
041 0 _aspa
084 _aN TOR2
100 1 _aTorres, Miguel
_d1942-
_eautor
245 1 3 _aEl incendio de abril
_btrilogía del 9 abril
_cMiguel Torres
250 _aPrimera edición
264 1 _aBogotá
_bEditorial Planeta Colombia
_bTusquets Editores
_c2019
300 _a358 páginas
_c24 cm
336 _atexto
_btxt
_2rdacontent
337 _asin mediación
_bn
_2rdamedia
338 _avolumen
_bnc
_2rdacarrier
490 0 _aMaxiTusquets
521 _aRecomendado para público adulto
545 _aIncluye datos biográficos en la contra carátula
600 1 _aGaitán, Jorge Eliécer
_d1898-1948
_xMuerte
_vNovela
_9163174
650 1 7 _2LEMB
_aNovela colombiana
_ySiglo XX
650 1 7 _2LEMB
_aLiteratura colombiana
_ySiglo XX
650 1 7 _2LEMB
_aNovela histórica colombiana
_ySiglo XX
650 1 7 _2LEMB
_aInsurrección del 9 de abril de 1948
_vNovela
650 1 7 _2LEMB
_aViolencia
_vNovela
650 1 7 _2LEMB
_aAsesinatos
_vNovela
942 _2loc
_cBKLIT
999 _c9091
_d9091